01119nam a2200217 a 450000100060000000300090000600800410001502000150005604000280007108200170009924500740011626000370019030000090022750503320023659001030056865000240067165000250069594200120072099900170073295201520074920975CO-ViMGA141112s2004 ck r 000 u spa d a9587011113 aCO-ViMGAbspacCO-ViMGA04a303.484 M68410aMovimientos sociales y transformaciones populares en América latina aBogotá : bPlaneta Paz, c2004 a206p aLos movimientos sociales en la globalización : retos y perspectivas 17 - - La democratización del estado : participación social y gestión de gobierno de Montevideo 81 - - Agendas sociales Latinoaméricanas y acción local 121 - - Procesos sociales por la paz en Colombia y la influencia de Centro y SurAmérica 149  aForma de adquisición : Donación - - Precio : 10000 - - Fecha de adquisición : Noviembre 200614aCONFLICTOS SOCIALES14aMOVIMIENTOS SOCIALES 2ddccBK c29817d29817 00102ddc40708003aMEVIECARbMEVIECARd2015-12-04hVolumen. 1 | 11/jun/2009l0o303.484 M684 p20975r2015-12-04 00:00:00tEj. 1w2015-12-04yBK